LEADER 01345nam a2200289 u 4500 001 000000036477 003 CaOOAMICUS 005 20070226112714.0 008 980324s1964 it u000 u ita u 035 $a10787282 040 $aPUL(R)$bita 100 1 $aGiacomazzo, Giacinto Romano.$0(OLS)http://pul/name/27620 245 10$aIn tema di donazione a enti di culto :$bcontrasti legislativi e dottrinali : per un tentativo di superamento /$cGiacinto Romano Giacomazzo. 260 $aPadova :$bCEDAM,$c1964. 300 $a65 p. ;$c24 cm 504 $aBibliografia in nota. 650 4$aDonazione (diritto).$0(OLS)http://pul/subject/17825 650 4$aDiritto ecclesiastico$zItalia.$0(OLS)http://pul/subject/2957 850 $aPUL 852 $aPUL$W1$xSL Diritto Canonico 1$y5$m166 A 22$j49972$nBK-PRI$b $qStampati$B49972$CPULBib$Z2$F49972 $H $81 852 $aPUL$W1$xDP1 Fondo Ciprotti$y59$m1544 B 21$j49973$nBK-PRI$b $qFondi$B49973$CPULBib$Z2$F49973 $H $81 941 1 $a8 941 1 $a1 961 $aINV: 27366 961 $aINV: F. Ciprotti 996 $6245$aIn tema di donazione a enti di culto :$bcontrasti legislativi e dottrinali : per un tentativo di superamento$9(OLS)http://pul/title/49877 996 $6260$aPadova :$bCEDAM$9(OLS)http://pul/publisher/48126 LEADER 00895naa a2200193 u 4500 001 000000092852 003 CaOOAMICUS 005 20070226130131.0 008 920624s1990 it u000 u ger u 035 $a10212384 040 $aBSR$bita 100 1 $aVidmanová-Schmidtová, Ane?ka.$0(OLS)http://pul/name/22783 245 14$aDie Belletrisierung der Goldenen Legende im alttschechischen Passional /$cAne?ka Vidmanová. 260 $a[S. l. :$bs. n.],$c1990. 300 $ap. [49]-63 773 0 $aRaccolte di vite di santi dal XIII al XVIII secolo : strutture, messaggi, fruizioni / a cura di Sofia Boesch Gajano. 773 0 $tRaccolte di vite di santi dal XIII al XVIII secolo : strutture, messaggi, fruizioni$w()8244 996 $6245$aDie Belletrisierung der Goldenen Legende im alttschechischen Passional$9(OLS)http://pul/title/119749 996 $6260$a[S. l. :$bs. n.]$9(OLS)http://pul/publisher/47882